[Event "43rd WGM"]
[Site "Belgrade SRB"]
[Date "2011.03.12"]
[Round "7.1"]
[White "Vojinovic,J"]
[Black "Eric,J"]
[Result "1-0"]
[WhiteElo "2278"]
[BlackElo "2230"]

1.Nf3 d5 2.g3 Bg4 3.Bg2 c6 4.c4 e6 5.cxd5 exd5 6.O-O Nf6 7.d3 Bc5 8.h3 Bh5
9.Qb3 Qb6 10.Qc2 Nbd7 11.Nc3 Bd6 12.e4 dxe4 13.dxe4 O-O 14.Be3 Qc7 15.Nh4 Ne8
16.Nf5 f6 17.Nxd6 Nxd6 18.Nd5 Qb8 19.Nf4 Bf7 20.Rfd1 Rd8 21.Nd3 Ne5 22.Nxe5 fxe5
23.b3 Qc7 24.Qc5 Nb5 25.Rac1 Rxd1+ 26.Rxd1 b6 27.Qc2 c5 28.Bf1 Nd4 29.Bxd4 exd4
30.Rxd4 Qe5 31.Rd1 Re8 32.Bc4 Bxc4 33.Qxc4+ Kh8 34.Rd7 h6 35.Qf7 a5 36.Qg6 Rg8
37.Kg2 b5 38.Rd5 Qe7 39.Qf5 c4 40.Re5 Qd6 41.Rxb5 c3 42.Rc5 Qd2 43.e5 Re8
44.e6 Qe1 45.Qe5 Rxe6 46.Qxe1 Rxe1 47.Rxc3  1-0

[Event "49th TCh-DEN XtraCon 2010-11"]
[Site "Denmark DEN"]
[Date "2011.03.12"]
[Round "8.4"]
[White "Jorgensen,J"]
[Black "Hove,E"]
[Result "0-1"]
[WhiteElo "2276"]
[BlackElo "2258"]

1.Nf3 d5 2.g3 Nf6 3.Bg2 c6 4.O-O Bg4 5.b3 Nbd7 6.Bb2 e6 7.d3 Be7 8.Nbd2 O-O
9.c4 a5 10.a3 c5 11.cxd5 exd5 12.d4 b6 13.Ne5 Nxe5 14.dxe5 Ne8 15.h3 Be6
16.a4 f6 17.Qc2 Ra7 18.e3 Nc7 19.Rad1 Na6 20.exf6 Bxf6 21.Ne4 Bxb2 22.Qxb2 Rd7
23.Qe5 Nc7 24.Ng5 Bf5 25.h4 h6 26.Nh3 d4 27.exd4 Re7 28.dxc5 Rxe5 29.Rxd8 Rxd8
30.cxb6 Na6 31.Rc1 Rb8 32.Rc6 Nb4 33.Rd6 Re6  0-1

[Event "49th TCh-DEN XtraCon 2010-11"]
[Site "Denmark DEN"]
[Date "2011.03.12"]
[Round "8.2"]
[White "Sorensen,B"]
[Black "Pedersen,Da"]
[Result "1-0"]
[WhiteElo "2282"]
[BlackElo "2296"]

1.Nf3 d5 2.g3 c6 3.Bg2 Bg4 4.b3 Nd7 5.Bb2 Ngf6 6.d3 e6 7.Nbd2 Be7 8.O-O O-O
9.e4 dxe4 10.dxe4 e5 11.h3 Bxf3 12.Qxf3 b5 13.Qe2 Re8 14.Kh2 Bb4 15.Rad1 Qa5
16.a3 Bf8 17.f4 Qc7 18.f5 a5 19.g4 Nb6 20.g5 Nfd7 21.g6 fxg6 22.fxg6 hxg6
23.Qg4 Qd6 24.Nf3 Qe6 25.Qg3 Be7 26.h4 Bf6 27.Bh3 Qe7 28.Qxg6 Nf8 29.Qg1 Nc8
30.h5 Nd6 31.Qg4 Nf7 32.Bc1 Rad8 33.Rxd8 Rxd8 34.h6 g6 35.Ne1 Rd4 36.Be3 Rd8
37.Nd3 Bg5 38.Rxf7 Qxf7 39.Qxg5 Re8 40.Nxe5 Qe7 41.Qxe7 Rxe7 42.Ng4 Nd7 43.Bg2 c5
44.Bg5  1-0

[Event "MP Reykjavik Open"]
[Site "Reykjavik ISL"]
[Date "2011.03.12"]
[Round "4.18"]
[White "Pelletier,Y"]
[Black "Geske,J"]
[Result "1-0"]
[WhiteElo "2593"]
[BlackElo "2329"]

1.Nf3 d5 2.g3 Nf6 3.Bg2 Bg4 4.O-O Nbd7 5.c4 c6 6.cxd5 cxd5 7.Qb3 Qb6 8.Qxb6 Nxb6
9.Nc3 a6 10.d3 e6 11.Bf4 Be7 12.Rac1 O-O 13.Rc2 Rac8 14.Rfc1 Rfd8 15.Be3 Nfd7
16.Ne5 Nxe5 17.Bxb6 Re8 18.h3 Bf5 19.g4 Nc4 20.Na4 Nxb6 21.Nxb6 Rxc2 22.Rxc2 Bg6
23.Rc7 Bf6 24.Rxb7 Bxb2 25.Nxd5 Be5 26.Ne7+ Kf8 27.Nc6 Bc3 28.Ra7 a5 29.Bf3 Rc8
30.Kg2 h5 31.Nxa5 Bd4 32.Rd7 hxg4 33.hxg4 Bf6 34.Nc4 e5 35.g5 Bf5 36.Ra7 Bxg5
37.Nd6  1-0

[Event "TCh-Paulista"]
[Site "Sao Paolo BRA"]
[Date "2011.03.12"]
[Round "5.11"]
[White "Gallo Ponce,E"]
[Black "Alboredo,Julia"]
[Result "0-1"]
[WhiteElo "2231"]
[BlackElo "1830"]

1.Nf3 d5 2.g3 Bf5 3.Bg2 Nf6 4.c4 e6 5.O-O Be7 6.d3 O-O 7.Qb3 b6 8.Nbd2 c5
9.Qc2 Nc6 10.b3 Ne8 11.Bb2 Bf6 12.Bxf6 Nxf6 13.a3 Rc8 14.Qb2 Re8 15.b4 Ne7
16.Rfc1 Ng6 17.bxc5 bxc5 18.Qb5 Qd6 19.Rab1 Nd7 20.Qa5 Nge5 21.Rb7 Nc6 22.Qa6 Nb6
23.h3 Rb8 24.Rxb8 Rxb8 25.g4 Bg6 26.cxd5 exd5 27.Bf1 f5 28.g5 Nd7 29.Qa4 Nb6
30.Qc2 Nd7 31.Qc3 d4 32.Qc2 Bf7 33.Nc4 Qg6 34.Qd2 Bxc4 35.Rxc4 h6 36.h4 hxg5
37.Qxg5 Qxg5+ 38.hxg5 Rb3 39.a4 Rb4 40.Rc1 Rxa4 41.e3 a5 42.Bh3 g6 43.e4 Ne7
44.Nh4 Ne5 45.Rxc5 Nxd3 46.Rc7 Nf4 47.Bf1 Kf8 48.exf5 Nxf5 49.Rc8+ Ke7 50.Nf3 Ra3
51.Ne5 d3 52.Nf3 Ra1 53.Rc7+ Kd6 54.Rc8 Kd7 55.Ra8 Ne2+ 56.Kg2 Nf4+ 57.Kg1 Kd6
58.Rd8+ Kc5 59.Nd2 Kb4 60.Rb8+ Kc3 61.Ne4+ Kc2 62.Rc8+ Kd1 63.Nc3+ Kd2 64.Ne4+ Ke1
65.Re8 Ne2+ 66.Bxe2 dxe2 67.Rd8 Rd1 68.Rc8 Nd4 69.Kg2 Nb3 70.Rc2 Rc1 71.Rb2 a4
72.f4 Nd4 73.Rd2 Nf5 74.Ra2 Ne3+ 75.Kf3 Rc2 76.Ra1+ Nd1 77.f5 gxf5 78.Ng3 Rc3+
79.Kg2 Rxg3+ 80.Kxg3 Kf1  0-1

[Event "ch-BUL U20 2011"]
[Site "Shabla BUL"]
[Date "2011.03.12"]
[Round "1.4"]
[White "Ninov,D"]
[Black "Krumov,G"]
[Result "1-0"]
[WhiteElo "2082"]
[BlackElo "1668"]

1.Nf3 d5 2.g3 Nf6 3.Bg2 c5 4.O-O Nc6 5.d4 e6 6.c4 Be7 7.cxd5 exd5 8.Nc3 O-O
9.dxc5 Bxc5 10.Bg5 Be6 11.Rc1 Be7 12.e3 h6 13.Bxf6 Bxf6 14.b3 Qa5 15.Na4 Ne7
16.Qe1 Qxe1 17.Rfxe1 Rac8 18.Nc5 b6 19.Nxe6 fxe6 20.Bh3 Kf7 21.Rxc8 Rxc8
22.e4 dxe4 23.Rxe4 Rc1+ 24.Kg2 Nf5 25.Ra4 a5 26.Nd2 Rc2 27.Nc4 Bd8 28.Bxf5 exf5
29.Ne3 Rc5 30.Rd4 Bf6 31.Rd6 b5 32.Ra6 Bd8 33.Ra7+ Kg6 34.h4 Bc7 35.Ra6+ Kf7
36.Ra7 Ke6 37.Ra8 h5 38.Kf3 Rc3 39.Ra6+ Kf7 40.Ke2 Rc5 41.Kd3 g6 42.Kd4 Rc1
43.Kd5 Bd8 44.Ra7+ Kf6 45.Kd6 g5 46.Kd7 gxh4 47.Ra6+ Ke5 48.Re6+ Kd4 49.Nxf5+ Kc3
50.Rc6+ Kb2 51.Rxc1 Kxc1 52.Nxh4 Bb6 53.f4 b4 54.f5 Bd4 55.Nf3 Bg7 56.Ke7 Kb2
57.f6 Bh6 58.f7 Kxa2 59.Nd4 Kb2 60.Nf5 Kxb3 61.Nxh6 a4 62.f8=Q a3 63.Qf1 Ka2
64.Qe2+ Kb3 65.Qd3+ Kb2 66.Qd4+ Kb3 67.Qa1 a2 68.Nf5 Ka3 69.Ne3 b3 70.Nd1  1-0

[Event "43rd WGM"]
[Site "Belgrade SRB"]
[Date "2011.03.13"]
[Round "8.5"]
[White "Vojinovic,J"]
[Black "Dragomirescu,An"]
[Result "1/2-1/2"]
[WhiteElo "2278"]
[BlackElo "2169"]

1.Nf3 d5 2.g3 c6 3.Bg2 Nf6 4.d3 Bf5 5.O-O h6 6.c4 dxc4 7.Ne5 Nbd7 8.Nxc4 e6
9.Bf4 Nb6 10.Na5 Qd7 11.Qc2 Rc8 12.Rc1 Nfd5 13.Bd2 Bh7 14.Qb3 Be7 15.e4 Nf6
16.Be3 O-O 17.h3 Qc7 18.Nc3 Nfd7 19.d4 Qb8 20.Bf4 e5 21.dxe5 Nc5 22.Qa3 Rce8
23.e6 Qa8 24.exf7+ Rxf7 25.Rd1 Nxe4 26.Qb3 Nc5 27.Qa3 Nd3 28.Qb3 Nc5 29.Qa3 Nd3
30.Qb3  1/2-1/2

[Event "43rd WGM"]
[Site "Belgrade SRB"]
[Date "2011.03.13"]
[Round "8.2"]
[White "Voiska,M"]
[Black "Petrovic,Mari"]
[Result "1/2-1/2"]
[WhiteElo "2313"]
[BlackElo "2197"]

1.Nf3 d5 2.g3 c6 3.Bg2 Bg4 4.O-O Nd7 5.d4 Ngf6 6.Nbd2 e6 7.Re1 Be7 8.e4 dxe4
9.Nxe4 Nxe4 10.Rxe4 Nf6 11.Re1 O-O 12.c3 Qb6 13.Qb3 Bxf3 14.Bxf3 Rfd8 15.Bf4 Rd7
16.h4 h6 17.Qc2 Nd5 18.Bd2 Bf6 19.Rad1 Rad8 20.b4 Ne7 21.Bg4 Qa6 22.Bf4 Nd5
23.Be2 b5 24.Bd2 Qb7 25.Qe4 c5 26.bxc5 Nxc3 27.Qxb7 Nxe2+ 28.Rxe2 Rxb7 29.c6 Re7
30.Bb4 Ree8 31.Bc5 Rc8 32.d5 Red8 33.Bxa7 Rxd5 34.Rxd5 exd5 35.Rd2 Rxc6 36.Rxd5 Ra6
37.Be3  1/2-1/2

[Event "49th TCh-DEN XtraCon 2010-11"]
[Site "Denmark DEN"]
[Date "2011.03.13"]
[Round "9.3"]
[White "Glud,J"]
[Black "Nielsen,LA"]
[Result "1-0"]
[WhiteElo "2474"]
[BlackElo "2276"]

1.g3 d5 2.Nf3 c5 3.Bg2 Nc6 4.d4 Nf6 5.O-O e6 6.c4 dxc4 7.Qa4 cxd4 8.Qxc4 Qd5
9.Nbd2 Bc5 10.a3 a5 11.Qc2 Bb6 12.Nc4 Qc5 13.Bf4 Ne4 14.b4 axb4 15.axb4 Nxb4
16.Qxe4 Rxa1 17.Nd6+ Ke7 18.Rxa1 Nd5 19.Nf5+ Kd8 20.N5xd4 f6 21.Rc1 Qe7 22.Bh3 f5
23.Nxf5  1-0

[Event "49th TCh-DEN XtraCon 2010-11"]
[Site "Denmark DEN"]
[Date "2011.03.13"]
[Round "9.2"]
[White "Ost Hansen,J"]
[Black "Skytte,R"]
[Result "1/2-1/2"]
[WhiteElo "2381"]
[BlackElo "2409"]

1.g3 d5 2.Nf3 Bg4 3.Bg2 Nd7 4.c4 e6 5.Qb3 Nc5 6.Qc2 c6 7.d3 Bd6 8.O-O Ne7
9.b4 Nd7 10.Bb2 O-O 11.Nbd2 Rc8 12.Qc3 e5 13.e4 d4 14.Qb3 c5 15.b5 Ng6 16.h3 Be6
17.Qd1 Bc7 18.a4 Nf6 19.Nb3 Bd6 20.Nh2 Qd7 21.h4 Ng4 22.Nd2 Nxh2 23.Kxh2 f6
24.a5 Nh8 25.a6 b6 26.Nf3  1/2-1/2

[Event "49th TCh-DEN XtraCon 2010-11"]
[Site "Denmark DEN"]
[Date "2011.03.13"]
[Round "9.3"]
[White "Hansen,Lars"]
[Black "Pilgaard,K"]
[Result "0-1"]
[WhiteElo "2252"]
[BlackElo "2431"]

1.Nf3 d5 2.g3 Nf6 3.Bg2 c5 4.O-O Nc6 5.d3 g6 6.Nbd2 Bg7 7.e4 O-O 8.Re1 h6
9.exd5 Nxd5 10.Nb3 b6 11.c4 Nc7 12.Bf4 Rb8 13.Qd2 g5 14.Ne5 Nxe5 15.Bxe5 Bxe5
16.Rxe5 f6 17.Re2 e5 18.f4 Bf5 19.fxe5 Qxd3 20.exf6 Qxd2 21.Nxd2 Rxf6 22.Rf1 Re6
23.Rxe6 Bxe6 24.Kf2 Kg7 25.b3 Rf8+ 26.Ke3 Re8 27.Be4 Bf7 28.Kd3 Rd8+ 29.Kc3 Ne8
30.Bd3 Nf6 31.Nf3 Re8 32.Kd2 Bh5 33.Bf5 Ne4+ 34.Bxe4 Rxe4 35.Rf2 Re7 36.Ne1 Rd7+
37.Kc3 Bg6 38.Rd2 Re7 39.Nc2 Bf5 40.a3 Kf6 41.Rd6+ Re6 42.Rxe6+ Bxe6 43.b4 Kf5
44.bxc5 bxc5 45.Ne1 Ke5 46.Nd3+ Kd6 47.Nf2 Bf5 48.Kb3 Ke5 49.Kc3 h5 50.Nd3+ Kd6
51.Nf2 Ke5 52.Nd3+ Bxd3 53.Kxd3 Kf5 54.Ke3 Kg4 55.Kf2 Kh3 56.Kg1 h4 57.gxh4 gxh4
58.a4 a5 59.Kh1 Kg4 60.Kg2 h3+ 61.Kf2 Kf4 62.Ke2 Ke4 63.Kf2 Kd4 64.Kg3 Kxc4  0-1

[Event "TCh-Paulista"]
[Site "Sao Paolo BRA"]
[Date "2011.03.13"]
[Round "7.4"]
[White "Cohn,M"]
[Black "Vasconcelos,Paulo Cesar da S."]
[Result "1-0"]
[WhiteElo "2131"]
[BlackElo "1952"]

1.Nf3 d5 2.g3 Nf6 3.Bg2 g6 4.b4 Bg7 5.Bb2 O-O 6.O-O Bd7 7.d3 Qc8 8.Re1 Bh3
9.Bh1 c5 10.bxc5 Qxc5 11.Bd4 Qa5 12.Nbd2 Nc6 13.Nb3 Qc7 14.Bb2 e5 15.Rc1 Bh6
16.c4 Bxc1 17.Qxc1 d4 18.Qh6 Bd7 19.Ba3 Rfe8 20.Ng5 Ne7 21.Bxe7 Rxe7 22.Nd2 Qa5
23.Rd1 Qa4 24.Rf1 Bf5 25.g4 Bxg4 26.Nde4 Qa6 27.Nxf6+ Qxf6 28.Qxh7+ Kf8 29.Qh4 Kg7
30.Qh7+ Kf8 31.Qh4 Kg7 32.Qxg4 Rh8 33.Bd5 Rh5 34.Ne4 Qa6 35.Ng3 Rh7 36.Nf5+  1-0

[Event "ch-BUL U20 2011"]
[Site "Shabla BUL"]
[Date "2011.03.13"]
[Round "2.1"]
[White "Angelov,B"]
[Black "Krumov,G"]
[Result "1-0"]
[WhiteElo "2059"]
[BlackElo "1668"]

1.Nf3 d5 2.g3 Nf6 3.Bg2 c5 4.O-O Nc6 5.d3 e5 6.c4 d4 7.b4 cxb4 8.a3 Bd6 9.axb4 Nxb4
10.Ba3 Nc6 11.Qa4 O-O 12.Bxd6 Qxd6 13.Qa3 Ne8 14.Qxd6 Nxd6 15.Na3 f6 16.Rfb1 Nd8
17.Nd2 Rf7 18.c5 Ne8 19.Nb5 a6 20.Nc4 Be6 21.Nbd6 Nxd6 22.Nxd6 Rc7 23.Nxb7 Nxb7
24.Bxb7 Ra7 25.Bxa6 Rxc5 26.Bc4 Re7 27.Bxe6+ Rxe6 28.Rb7 Rec6 29.Raa7 g5
30.Rg7+ Kh8 31.Rxh7+ Kg8 32.Rhg7+ Kh8 33.Rgf7 Kg8 34.Rg7+ Kh8 35.Rg6 Rb5
36.Kg2 Rbb6 37.Rf7 Re6 38.Kf3 Rbc6 39.h3 Rb6 40.Rfg7 Rb2 41.Kg4 Rxe2 42.Kh5 Re8
43.Kh6  1-0

[Event "43rd WGM"]
[Site "Belgrade SRB"]
[Date "2011.03.14"]
[Round "9.1"]
[White "Dragomirescu,An"]
[Black "Eric,J"]
[Result "1-0"]
[WhiteElo "2169"]
[BlackElo "2230"]

1.Nf3 d5 2.g3 Bg4 3.Bg2 c6 4.d3 Nd7 5.Nbd2 e6 6.O-O Bd6 7.h3 Bh5 8.Qe1 Ne7
9.e4 O-O 10.a4 Qa5 11.b3 Bb4 12.Bb2 dxe4 13.dxe4 Bxf3 14.Bxf3 Ng6 15.Rd1 Nde5
16.Bg2 Qb6 17.Kh2 Qc5 18.f4 Nd7 19.c4 Rad8 20.Qe2 Qe7 21.h4 Rfe8 22.Nf3 Nf6
23.Nd4 Bc5 24.h5 Nf8 25.e5 N6d7 26.Nf3 Nb8 27.Ng5 Na6 28.Ne4 Kh8 29.Nd6 Bxd6
30.exd6 Qd7 31.Qe5 f6 32.Qa5 Qf7 33.Bf3 Nd7 34.Qc3 e5 35.Bg4 e4 36.Kg2 Nac5
37.Bc1 f5 38.Be2 Nf6 39.Rh1 e3 40.Qc2 Nce4 41.c5 Nf2 42.Qxf5 Nxh1 43.Rxh1 Qxb3
44.h6 Qd5+ 45.Qxd5 cxd5 46.Bb2 Re4 47.Bd3 Re6 48.Bf5 Ree8 49.hxg7+ Kxg7 50.Rxh7+ Kg8
51.Bxf6 e2 52.Bg6 e1=N+ 53.Kh3  1-0

[Event "ch-BUL U20 2011"]
[Site "Shabla BUL"]
[Date "2011.03.14"]
[Round "3.3"]
[White "Ninov,D"]
[Black "Iliev,At"]
[Result "1-0"]
[WhiteElo "2082"]
[BlackElo "2001"]

1.Nf3 d5 2.g3 Nf6 3.Bg2 g6 4.O-O Bg7 5.c4 O-O 6.cxd5 Nxd5 7.Nc3 c6 8.Qb3 e5
9.d3 h6 10.Nd2 Nb6 11.Nde4 Be6 12.Qa3 Na6 13.Be3 Nd5 14.Bc5 f5 15.Nxd5 Bxd5
16.Be7 Qc7 17.Bxf8 Rxf8 18.Nc5 Nxc5 19.Qxc5 Bxg2 20.Kxg2 a6 21.Rac1 Rd8 22.h4 Kh7
23.Qc4 Rd4 24.Qe6 Rd6 25.Qc4 Rd4 26.Qb3 Qe7 27.Rc4 f4 28.e3 Rd5 29.exf4 exf4
30.Rxf4 Rb5 31.Qf7 Qxf7 32.Rxf7 Rxb2 33.Re1 Kg8 34.Rd7 Rb5 35.Re8+ Bf8 36.g4 Rb4
37.d4  1-0

[Event "ch-BUL U20 2011"]
[Site "Shabla BUL"]
[Date "2011.03.14"]
[Round "3.4"]
[White "Krumov,G"]
[Black "Janev,P"]
[Result "0-1"]
[WhiteElo "1668"]
[BlackElo "2065"]

1.Nf3 d5 2.g3 Nf6 3.Bg2 Bf5 4.d3 Nc6 5.O-O Qd7 6.Re1 Bh3 7.Bh1 e5 8.e4 d4
9.Nbd2 Bc5 10.Bg2 Bg4 11.h4 h6 12.Nf1 Be6 13.a3 a5 14.b3 Ng4 15.N1h2 f6 16.Nxg4 Bxg4
17.Qd2 g5 18.hxg5 hxg5 19.Kf1 Bb6 20.Ng1 Rh2 21.f3 Be6 22.g4 O-O-O 23.Ne2 Rdh8
24.Ng3 a4 25.b4 Ne7 26.Nh5 Ng6 27.Kg1 Nf4 28.Kxh2 Bxg4 29.fxg4 Qxg4 30.Rh1 Rxh5+
31.Kg1 Nxg2 32.Rxh5 Nf4+ 33.Kh1 Qxh5+ 34.Kg1 Qg4+ 35.Kh1 Qf3+ 36.Kg1 Ne2+  0-1

[Event "MP Reykjavik Open"]
[Site "Reykjavik ISL"]
[Date "2011.03.15"]
[Round "8.14"]
[White "Danielsen,Hen"]
[Black "Gunnarsson,J"]
[Result "1-0"]
[WhiteElo "2533"]
[BlackElo "2428"]

1.g3 d5 2.Nf3 c6 3.Bg2 Nf6 4.b3 Bf5 5.Bb2 e6 6.O-O h6 7.d3 Nbd7 8.Nbd2 Bh7
9.c4 Bc5 10.e4 dxe4 11.dxe4 e5 12.Nxe5 Nxe5 13.Bxe5 O-O 14.Qc2 Bd4 15.Bxd4 Qxd4
16.Rae1 Rfe8 17.Re2 Rad8 18.h3 a5 19.Rfe1 Nd7 20.Nf3 Qb6 21.Rd1 Nc5 22.Rxd8 Qxd8
23.Nd2 Qd4 24.Kh2 Rd8 25.Nf1 Qa1 26.f3 Bg6 27.Rd2 Rd4 28.Ne3 f6 29.h4 Na6
30.Qd1 Qxd1 31.Rxd1 Rxd1 32.Nxd1 f5 33.e5 a4 34.bxa4 Bf7 35.Bf1 Nc5 36.Nc3 Kf8
37.f4 Ke7 38.Kg2 Kd7 39.Kf2 g5 40.Ke3 g4 41.Bd3 Bg6 42.a5 Ne6 43.Na4 Kc7
44.c5 Ng7 45.Bc4 Nh5 46.Kf2 Ng7 47.Nc3 Kd7 48.Ne2  1-0

[Event "ch-Southern FR Men"]
[Site "Armavir RUS"]
[Date "2011.03.16"]
[Round "5"]
[White "Petrov,Ar"]
[Black "Sukhareva,E"]
[Result "1-0"]
[WhiteElo "2382"]
[BlackElo "2180"]

1.Nf3 d5 2.g3 g6 3.Bg2 Bg7 4.O-O e5 5.d3 Ne7 6.Nbd2 O-O 7.e4 c6 8.Re1 Qc7
9.a4 h6 10.c3 f5 11.Qe2 dxe4 12.dxe4 f4 13.Qc4+ Kh7 14.b3 g5 15.Ba3 Rf6 16.h3 Ng6
17.g4 Be6 18.Qe2 Bf8 19.Bb2 Na6 20.b4 Rd8 21.Nc4 Rf7 22.Red1 Rfd7 23.Rxd7+ Rxd7
24.Bf1 Nb8 25.Qc2 Rd8 26.Ncd2 Qf7 27.Ba3 Qd7 28.c4 c5 29.b5 Be7 30.Bb2 Bf6
31.Nb3 Qc8 32.Bg2 Rd6 33.Re1 Nd7 34.Bf1 Ndf8 35.Ba3 Nd7 36.Nbd2 Nh8 37.Nb1 h5
38.gxh5 g4 39.hxg4 Bxg4 40.Nh2 Nf8 41.Bxc5 Rd8 42.Bxa7 Bxh5 43.f3 Nfg6 44.Rd1 Rg8
45.Qd3 Rg7 46.Kh1 Nh4 47.Bf2 Nxf3 48.Nxf3 Qg4 49.Nbd2 Ng6 50.Rc1 Rd7 51.Nh2 Qe6
52.Qc3 Bh4 53.Bh3 Rxd2 54.Bxe6 Rxf2 55.Rc2 Rxc2 56.Qxc2 f3 57.Bf5 Kg7 58.Bxg6 Kxg6
59.c5 Bg3 60.Qc3  1-0

[Event "ch-Moscow S/F 2011"]
[Site "Moscow RUS"]
[Date "2011.03.17"]
[Round "3"]
[White "Vorobiov,E"]
[Black "Kachar,V"]
[Result "1-0"]
[WhiteElo "2558"]
[BlackElo "2288"]

1.Nf3 d5 2.g3 Bg4 3.Bg2 Nd7 4.c4 e6 5.Qb3 Nc5 6.Qc2 c6 7.O-O Nf6 8.d3 Be7
9.b3 O-O 10.Bb2 Ncd7 11.Nbd2 a5 12.a3 Bh5 13.h3 Qb8 14.Rac1 h6 15.Rfe1 Bg6
16.Qc3 Rd8 17.b4 axb4 18.axb4 Ne8 19.e4 Bf6 20.d4 Nb6 21.Qb3 dxc4 22.Nxc4 Nxc4
23.Qxc4 Nd6 24.Qc2 Nb5 25.Red1 Ra2 26.Qb3 Rxb2 27.Qxb2 Bxe4 28.Ne5 Bxg2 29.Kxg2 Qd6
30.Nf3 Nxd4 31.Nxd4 Bxd4 32.Qb3 e5 33.Rc2 Ra8 34.f4 Qg6 35.Re2 Qf5 36.fxe5 Ra1
37.Rxa1 Bxa1 38.e6 fxe6 39.Rxe6 Kh7 40.Re8 Bf6 41.g4 Qd7 42.Qc2+ g6 43.Re2 Qd5+
44.Qe4 Qg5 45.Qd3 h5 46.Qc4 Bg7 47.Qe4 Bf6 48.Qe6 Kh6 49.Rc2 Bg7 50.Qe4 Bf8
51.Rf2 Bg7 52.Qf4 Qxf4 53.Rxf4 hxg4 54.hxg4 Be5 55.Re4 Bd6 56.Kf3 b5 57.Rd4 Bf8
58.Kf4 Kg7 59.Ke5 Kf7 60.Rd7+ Be7 61.Rc7 Kf8 62.Rxc6 Bxb4 63.Rxg6 Bc3+ 64.Kf5 b4
65.Rb6 Kg8 66.Rb7 Kf8 67.g5 Ke8 68.Kg6  1-0

[Event "ch-Southern FR Men"]
[Site "Armavir RUS"]
[Date "2011.03.19"]
[Round "8"]
[White "Demchenko,A"]
[Black "Kornyukov,A"]
[Result "1-0"]
[WhiteElo "2556"]
[BlackElo "2489"]

1.Nf3 d5 2.g3 Nc6 3.d4 Nf6 4.Bg2 Bf5 5.O-O e6 6.c4 Be7 7.Nc3 O-O 8.Nh4 dxc4
9.Nxf5 exf5 10.e3 Rb8 11.Qa4 Bb4 12.Qb5 g6 13.Qxc4 Qe7 14.Bd2 Na5 15.Qe2 c5
16.dxc5 Bxc5 17.Rac1 Rfd8 18.Rfd1 Bb4 19.a3 Bxc3 20.Bxc3 Nb3 21.Rxd8+ Rxd8
22.Rd1 Ne4 23.Bxe4 fxe4 24.Qc2 Nc5 25.Rxd8+ Qxd8 26.Bd4 Nd3 27.f3 b6 28.b4 f6
29.Qc6 Ne5 30.Qxe4 Qc7 31.f4 Nd7 32.Kg2 Qd6 33.g4 Kf7 34.Kg3 a5 35.bxa5 bxa5
36.a4 Qb4 37.Qc2 Qe1+ 38.Kg2 Ke6 39.h3 f5 40.Qd3 Qb4 41.Qc2 Qb7+ 42.Kg3 Qb4
43.Qc6+ Ke7 44.Kh4 fxg4 45.hxg4 h6 46.Bc3 Qb1 47.Bxa5 Qg1 48.Qe4+ Kf6 49.Bc3+ Kf7
50.Qd5+ Ke7 51.Bb4+ Kd8 52.Qg8+ Kc7 53.Ba5+ Kb7 54.Qd5+ Kb8 55.Qb5+ Ka8 56.Qc6+ Kb8
57.Bc7+ Ka7 58.f5 h5 59.Bg3 g5+ 60.Kxh5 Qxg3 61.Qxd7+ Ka8 62.Qe8+ Ka7 63.Kxg5 Qd6
64.a5 Qc5 65.Kg6 Qb4 66.g5 Qg4 67.f6  1-0

[Event "Schachbundesliga 2010-11"]
[Site "Mulheim GER"]
[Date "2011.03.19"]
[Round "12"]
[White "Zaragatski,I"]
[Black "Gyimesi,Z"]
[Result "1/2-1/2"]
[WhiteElo "2490"]
[BlackElo "2595"]

1.Nf3 d5 2.g3 c6 3.Bg2 Nf6 4.O-O Bg4 5.c4 e6 6.d3 Be7 7.cxd5 Bxf3 8.Bxf3 cxd5
9.Nc3 Nc6 10.Bd2 O-O 11.Bg2 Rc8 12.Qb3 Nd7 13.Rfc1 a6 14.Qd1 Bg5 15.Bxg5 Qxg5
16.d4 Nb6 17.e3 Rc7 18.Na4 Nxa4 19.Qxa4 Qe7 20.Rc5 Na7 21.b4 Nb5 22.Bf1 Nd6
23.Rac1 Rd7 24.Bd3 Rb8 25.Qc2 g6 26.a4 Kg7 27.a5 b5 28.axb6  1/2-1/2

[Event "Schachbundesliga 2010-11"]
[Site "Munich GER"]
[Date "2011.03.19"]
[Round "12"]
[White "Belezky,A"]
[Black "Gordon,S"]
[Result "1/2-1/2"]
[WhiteElo "2454"]
[BlackElo "2528"]

1.Nf3 d5 2.g3 Bg4 3.Bg2 Nd7 4.d3 c6 5.Nbd2 Ngf6 6.O-O e5 7.e4 dxe4 8.dxe4 Bc5
9.Qe1 O-O 10.Nc4 Re8 11.b4 Bf8 12.Bb2 Qc7 13.a3 b5 14.Ne3 Bxf3 15.Bxf3 a5
16.c4 axb4 17.axb4 Rxa1 18.Bxa1 bxc4 19.Nxc4 Rb8 20.Bc3 c5 21.bxc5 Qxc5  1/2-1/2

[Event "27th Budapest Spring Festival"]
[Site "Budapest HUN"]
[Date "2011.03.20"]
[Round "4"]
[White "Varga,Me"]
[Black "Tran Tuan Minh"]
[Result "0-1"]
[WhiteElo "2031"]
[BlackElo "2295"]

1.Nf3 d5 2.g3 Nf6 3.Bg2 Bf5 4.c4 c6 5.cxd5 cxd5 6.Qb3 Qb6 7.Qxb6 axb6 8.Nc3 Nc6
9.d3 h6 10.Be3 e5 11.Bxb6 d4 12.Nb5 Bb4+ 13.Nd2 Kd7 14.a3 Ra6 15.Bc7 Ne8
16.Bxe5 Nxe5 17.Nxd4 Bh7 18.Nb3 Bxd2+ 19.Kxd2 Rd6 20.Nc5+ Ke7 21.Nxb7 Rb6
22.b4 Nd6 23.Na5 Rd8 24.Rhc1 Kf8 25.f4 Ng4 26.h3 Nf6 27.Ke1 g5 28.Rc5 Nf5
29.Kf2 gxf4 30.gxf4 Nh5 31.e4 Nxf4 32.Rxf5 Bxf5 33.exf5 Rxd3 34.Nc4 Rf6 35.b5 Rd4
36.Bf1 Nd5 37.Ne3 Nc3 38.Rc1 Ne4+ 39.Kg1 Ra4 40.Rc4 Rxc4 41.Bxc4 Nc3 42.Kf2 Rb6
43.a4 Nxa4 44.Nd5 Rb8 45.Ke3 Nb6 46.Nxb6 Rxb6 47.Kd4 Ke7 48.Kc5 Rf6 49.Bd3 Kd7
50.Be4 Kc7 51.Kd5 h5 52.Ke5 Rd6 53.f6 Re6+ 54.Kf5 Kd6 55.Bc6 Re5+ 56.Kf4 Rc5
57.Be8 Ke6 58.b6 Kxf6 59.b7 Rc4+ 60.Kg3 Rb4 61.Bc6 Ke5 62.Bf3 h4+ 63.Kg2 Kf4
64.Bd5 Rb2+ 65.Kf1 f5 66.Bc6 Kg3 67.Bd7 Rxb7  0-1

[Event "TCh-BEL 2010-11"]
[Site "Charleroi BEL"]
[Date "2011.03.20"]
[Round "10.3"]
[White "Akhayan,R"]
[Black "De Gueldre,P"]
[Result "0-1"]
[WhiteElo "2302"]
[BlackElo "2122"]

1.Nf3 d5 2.g3 Nf6 3.Bg2 c6 4.c4 e6 5.O-O dxc4 6.Qc2 Be7 7.Qxc4 b5 8.Qc2 Bb7
9.d4 Nbd7 10.a4 a6 11.Bg5 h6 12.Bxf6 Bxf6 13.Nbd2 Rc8 14.Nb3 Qb6 15.Rfc1 O-O
16.e3 Be7 17.Nc5 Nxc5 18.dxc5 Qc7 19.Nd4 Bf6 20.Nb3 Ra8 21.Ra2 Rfc8 22.Rca1 Bd8
23.Qe4 Qe7 24.h4 Ra7 25.Qd4 a5 26.Rc1 b4 27.Nd2 Ba6 28.Ne4 Bc7 29.Nd6 Rd8
30.Rd1 e5 31.Qd2 Bxd6 32.cxd6 Qe6 33.Raa1 Rad7 34.Qc2 Rxd6 35.Rxd6 Qxd6 36.Qxc6 Qxc6
37.Bxc6 Rd2 38.b3 Bd3 39.Bb5 e4 40.Rc1 Rb2 41.Bc4 Kf8 42.Kg2 Ke7 43.Bd5 Bc2
44.g4 f6 45.Kg3 Kd6 46.Ba8 Ra2 47.h5 Bxb3 48.Rc6+ Kd7 49.Ra6 Bxa4 50.Bxe4 b3
51.Bf5+ Kc7 52.Ra7+ Kb6 53.Rxg7 Rc2 54.Rg8 Bc6 55.Rb8+ Bb7 56.Rd8 a4 57.Rd4 Kb5
58.Bd3+ Ka5 59.Rd7 Bc6 60.Ra7+ Kb4 61.e4 a3 62.e5 Rc3 63.exf6 Rxd3+ 64.Kf4 Rf3+
65.Ke5 b2  0-1

[Event "Angora Int 2011"]
[Site "Ankara TUR"]
[Date "2011.03.21"]
[Round "2"]
[White "Doluhanova,E"]
[Black "Ali Marandi,C"]
[Result "1/2-1/2"]
[WhiteElo "2222"]
[BlackElo "2213"]

1.Nf3 d5 2.g3 Bg4 3.Bg2 Nd7 4.O-O e6 5.b3 Bd6 6.Bb2 Ngf6 7.d3 O-O 8.Nbd2 Qe7
9.h3 Bxf3 10.exf3 Ba3 11.Bxa3 Qxa3 12.f4 a5 13.Nf3 a4 14.Qc1 Qd6 15.Qd2 c5
16.Rae1 d4 17.Ne5 Nd5 18.Nxd7 Qxd7 19.Bxd5 Qxd5 20.Re5 Qd6 21.Rfe1 b6  1/2-1/2

[Event "Kiev Spring 2011"]
[Site "Kiev UKR"]
[Date "2011.03.22"]
[Round "5.2"]
[White "Ianov,V"]
[Black "Yavorovsky,V"]
[Result "1/2-1/2"]
[WhiteElo "2306"]
[BlackElo "2231"]

1.Nf3 d5 2.g3 c6 3.Bg2 Nf6 4.O-O Bg4 5.h3 Bh5 6.d3 Nbd7 7.Nbd2 e5 8.e4 Bd6
9.exd5 cxd5 10.c4 O-O 11.cxd5 Nxd5 12.Nc4 Bc7 13.Qb3 Nc5 14.Qa3 Nd7 15.Re1 Qb8
16.Bd2 Rd8 17.Rac1 a5 18.Nh4 N7f6 19.g4 Bg6 20.Nxg6 hxg6 21.Qb3 b5 22.Na3 b4
23.Nc4 a4 24.Qd1 Ra6 25.Qf3 Re6 26.a3 b3 27.Bg5 Bb6 28.Nxb6 Qxb6 29.Rc4 Qa6
30.Rec1 Nb6 31.R4c3 Nbd5 32.Rc5 Nf4 33.Bxf4 exf4 34.Qxf4 Qxd3 35.Qxa4 Qd2
36.Qxb3 Re1+ 37.Rxe1 Qxe1+ 38.Kh2 Qxf2 39.Rc2 Qe1 40.Qg3 Qd1 41.Rf2 Rd3 42.Qb8+ Rd8
43.Qc7 Rd7 44.Qe5 g5 45.Qxg5 Qd6+ 46.Qf4 Qb6 47.Rd2 Rxd2 48.Qxd2 Qc7+ 49.Kg1 Qc5+
50.Kf1 Qc4+ 51.Ke1 Qe6+ 52.Qe2 Qb3 53.Qe5 Qc2 54.Bf3 Qd3 55.Qc3 Qd6 56.Bg2 Qh2
57.Kf1 Qf4+ 58.Kg1 Qd6 59.b4 Nd7 60.Qc8+ Kh7 61.Qc2+ g6 62.Qf2 Ne5 63.Qe3 Nc4
64.Qf2 Kg8 65.b5 Qxa3 66.b6 Qa1+ 67.Bf1 Qb1 68.b7 Nd6  1/2-1/2

[Event "5th Agzamov Mem"]
[Site "Tashkent UZB"]
[Date "2011.03.23"]
[Round "6"]
[White "Kuzubov,Y"]
[Black "Aitbayev,A"]
[Result "1-0"]
[WhiteElo "2627"]
[BlackElo "2321"]

1.Nf3 d5 2.g3 c6 3.Bg2 Bg4 4.O-O Nd7 5.d4 e6 6.Nbd2 Ngf6 7.Re1 Be7 8.e4 O-O
9.c3 Bh5 10.e5 Ne8 11.Nb3 c5 12.Be3 c4 13.Nc1 Nc7 14.Ne2 h6 15.Qd2 Bg4 16.h4 f6
17.exf6 Bxf6 18.Nf4 Bf5 19.h5 Be4 20.Ng6 Re8 21.Bf4 Nf8 22.Nge5 Nb5 23.Ng4 Be7
24.Nfe5 Nd6 25.Bxe4 Nxe4 26.Rxe4 dxe4 27.Bxh6 b5 28.Qf4 Bf6 29.Nc6 Qd7 30.Nxf6+ gxf6
31.Qxf6 Qf7 32.Qg5+ Kh7 33.Ne5 Qg8 34.Qf4  1-0

[Event "Skopje Spring Open 2011"]
[Site "Skopje MKD"]
[Date "2011.03.24"]
[Round "6"]
[White "Tausanov,M"]
[Black "Tairi,A"]
[Result "1-0"]
[WhiteElo "1965"]
[BlackElo "1950"]

1.g3 d5 2.Nf3 Nf6 3.Bg2 Bg4 4.c4 e6 5.O-O c6 6.d3 Nbd7 7.Be3 Be7 8.Nbd2 O-O
9.Qb3 Qc7 10.Rac1 h6 11.Rfe1 dxc4 12.Nxc4 Nd5 13.Bd4 Bf6 14.Bxf6 N7xf6 15.d4 Rfd8
16.e4 Nb6 17.e5 Bxf3 18.Bxf3 Nxc4 19.exf6 Nd2 20.Qe3 Nxf3+ 21.Qxf3 Rxd4 22.fxg7 Kxg7
23.Rc5 Qe7 24.Rf5 Rad8 25.Re4 Rxe4 26.Qxe4 Rd5 27.Qg4+ Kh7 28.Rf4 f5 29.Qe2 Qd6
30.Qe3 Rd1+ 31.Kg2 Qd5+ 32.Kh3 Rd3 33.Qxa7 c5 34.Qb8 Qd7 35.Qf8 Rd5 36.Qf6 Rd4
37.Rf3 Re4 38.Ra3 b5 39.Qf8 c4 40.Qb8 Kg6 41.Ra7 Qd1 42.Qe8+ Kf6 43.Qh8+ Kg5
44.Rg7+  1-0